000 00603nam a2200241Ia 4500
003 OSt
005 20221006145306.0
006 a|||||r|||| 00| 0
007 ta
008 221006b |||||||| |||| 00| 0 eng d
020 _c158.00
024 _a14,367
037 _cTextual
040 _aEASL
_cEASL
_beng
041 _2eng
_aeng
082 _aND41,5, L7
100 _aWATSON William
245 0 _aAncient Chinese bronzes
260 _aLondon
_bFaber and Faber
_c1977
300 _a332p.
_ccm.
942 _hND41,5, L7
_cTEXL
_2CC
999 _c1082453
_d1082453